| 000 | 01527nam a2200349 i 4500 | ||
|---|---|---|---|
| 003 | EG-GICUC | ||
| 005 | 20260127170711.0 | ||
| 008 | 260127s20061427ua a|||fr|||| 00| 0 ara d | ||
| 017 |
_a2006/102 _bوزارة الإعلام بسلطنة عمان |
||
| 017 |
_a2006/882 _bبدائرة الملكية الفكرية |
||
| 040 |
_a EG-GICUC _bara _c EG-GICUC _d EG-GICUC _erda |
||
| 041 | _aara | ||
| 082 | 0 | 4 |
_221 _a343.81 _bب ن . ت |
| 092 | 0 | 4 | _221 |
| 099 | _aLaw1 10 343.81 ب ن . ت 2 ed - 2006 | ||
| 100 | 0 |
_aبنداري بن احمد البنداري _eمؤلف. |
|
| 245 | 1 | 2 |
_aالتقييم الفني لمسرح الجريمة لمعرفة الحقيقة / _cتأليف الخبير الجنائي بنداري بن احمد البنداري. _nالجزء الأول، |
| 250 |
_aالطبعة الثانية، _bه1427- 2006م . |
||
| 264 | 1 |
_aنزوى : _bأكاديمية السلطان قابوس لعلوم الشرطة، _c2006. |
|
| 300 |
_a333 صفحة : _bإيضاحيات، صور، مثيليات ؛ _c24 سم |
||
| 336 |
_2rda content _atext |
||
| 337 |
_2rda media _aComputer |
||
| 338 |
_2rda carrier _aOnline Resource |
||
| 504 | _aيشتمل على إرجاعات ببليوجرافية. | ||
| 650 | 1 | _aالقانون الجنائي | |
| 650 | 1 | _aالتحقيق الجنائي الفني | |
| 650 | 1 | _aعلم البوليس العلمي | |
| 653 | _aمسرح الجريمة | ||
| 856 | 4 | 0 | _uhttps://fll.law.cu.edu.eg/fulltext/bks/B10-08041.pdf |
| 905 | _a43 | ||
| 942 |
_2ddc _n0 _cBK _e21 |
||
| 999 |
_c59716 _d59716 |
||